[Event "Tournoi francophone 023"]
[Site "Jitsi"]
[Date "????.??.??"]
[Round "1.1"]
[White "Milanese, Serge"]
[Black "Vasquez, Georges"]
[Result "0-1"]
[WhiteElo "1521"]
[BlackElo "1866"]
[PlyCount "72"]

1. d4 Nf6 2. Bf4 c5 3. c3 b6 4. e3 Bb7 5. Nd2 g6 6. Ngf3 Bg7 7. Bd3 O-O 8. O-O
d5 9. b3 Nbd7 10. Ne5 Rc8 11. c4 e6 12. Ndf3 Ne4 13. Ng4 f6 14. Bh6 Bxh6 15.
Nxh6+ Kg7 16. Ng4 h5 17. Nh4 f5 18. Ne5 Nxe5 19. dxe5 Qxh4 20. Bxe4 Qxe4 21.
Qd2 d4 22. f3 Qxe3+ 23. Qxe3 dxe3 24. Rad1 Rcd8 25. Rfe1 f4 26. h3 Kf7 27. Kf1
Ke7 28. Ke2 g5 29. a4 Rxd1 30. Rxd1 Rd8 31. Rxd8 Kxd8 32. g3 fxg3 33. Kxe3 h4
34. Ke2 Ke7 35. Ke3 Kf7 36. Ke2 Kg6 0-1

[Event "Tournoi francophone 023"]
[Site "Jitsi"]
[Date "????.??.??"]
[Round "1.2"]
[White "Deville, Olivier"]
[Black "Vello, Pablo"]
[Result "1-0"]
[WhiteElo "1826"]
[BlackElo "1514"]
[PlyCount "93"]

1. d4 Nf6 2. c4 e6 3. Nf3 Bb4+ 4. Nbd2 O-O 5. a3 Be7 6. e4 d6 7. Bd3 Nbd7 8. e5
dxe5 9. dxe5 Ng4 10. Qe2 Ngxe5 11. Bxh7+ Kxh7 12. Nxe5 Nxe5 13. Qxe5 Bf6 14.
Qh5+ Kg8 15. O-O Qd3 16. Nf3 Qh7 17. Qc5 c6 18. Bg5 Bxg5 19. Qxg5 Qf5 20. Qe7
Qf6 21. Qxf6 gxf6 22. Rfd1 e5 23. Rd6 Be6 24. c5 Rad8 25. Rad1 Bd5 26. Rxd8
Rxd8 27. Kf1 Kf8 28. Ke1 Ke7 29. Nh4 Ke6 30. g3 Rg8 31. b4 Rg4 32. Kd2 Rd4+ 33.
Kc1 Rxd1+ 34. Kxd1 f5 35. Kd2 e4 36. Ke3 Bc4 37. Ng2 Ke5 38. Nf4 b6 39. cxb6
axb6 40. h4 f6 41. a4 c5 42. bxc5 bxc5 43. a5 Ba6 44. h5 c4 45. h6 c3 46. h7 c2
47. Kd2 1-0

[Event "Tournoi francophone 023"]
[Site "Jitsi"]
[Date "????.??.??"]
[Round "1.3"]
[White "Codina, Teresa"]
[Black "Lambert, Pierre"]
[Result "0-1"]
[WhiteElo "1511"]
[BlackElo "1791"]
[PlyCount "64"]

1. d4 d5 2. Nf3 e6 3. b3 Nf6 4. Bb2 Bb4+ 5. Nbd2 O-O 6. a3 Ba5 7. e3 c6 8. Bd3
Re8 9. O-O Nbd7 10. Ne5 Bxd2 11. Qxd2 Ne4 12. Bxe4 dxe4 13. c4 Nxe5 14. Qc2 Nd7
15. Qxe4 Nf6 16. Qc2 b6 17. Rad1 Qc7 18. f3 Bb7 19. Rf2 Rac8 20. Bc3 Nd7 21. b4
e5 22. d5 cxd5 23. cxd5 Qxc3 24. Qxc3 Rxc3 25. a4 Rec8 26. Rff1 Rc2 27. e4 R8c4
28. Rb1 Kf8 29. a5 b5 30. h4 Rd4 31. h5 Rdd2 32. Rf2 Rxf2 0-1

[Event "Tournoi francophone 023"]
[Site "Jitsi"]
[Date "????.??.??"]
[Round "1.4"]
[White "Gadow, Martin"]
[Black "L'Herbon De Lussats, Jean"]
[Result "0-1"]
[WhiteElo "1757"]
[BlackElo "1510"]
[PlyCount "57"]

1. d4 d5 2. Nf3 Nf6 3. Bf4 e6 4. Nbd2 c5 5. e3 Nh5 6. Bg3 Nxg3 7. hxg3 Nd7 8.
c3 Qb6 9. Qc2 Nf6 10. Ne5 g6 11. Be2 Bg7 12. Bf3 Qc7 13. Rc1 b6 14. Be2 a6 15.
f4 Bb7 16. a4 Rc8 17. Qb1 cxd4 18. exd4 O-O 19. Bf3 Nd7 20. Ng4 h5 21. Ne5 Bh6
22. Nxg6 fxg6 23. Qxg6+ Bg7 24. Rxh5 Nf6 25. Rg5 Qe7 26. Qd3 Nh7 27. Rg6 Rf6
28. Bg4 Re8 29. Bxe6+ 0-1

[Event "Tournoi francophone 023"]
[Site "Jitsi"]
[Date "????.??.??"]
[Round "1.6"]
[White "Rochette, Mathieu"]
[Black "De Fazio, Monica"]
[Result "1-0"]
[WhiteElo "1742"]
[BlackElo "1491"]
[PlyCount "35"]

1. d4 Nf6 2. c4 c6 3. Nc3 d5 4. Nf3 Bf5 5. e3 e6 6. Be2 Bb4 7. O-O O-O 8. Ne5
Bxc3 9. bxc3 Nbd7 10. f4 Ne4 11. Qb3 Nb6 12. cxd5 Nxd5 13. Ba3 Nd2 14. Qxb7
Nxf1 15. Bxf8 Qxf8 16. Bxf1 Nxe3 17. Nxc6 Be4 18. Ne7+ 1-0

[Event "Tournoi francophone 023"]
[Site "Jitsi"]
[Date "????.??.??"]
[Round "1.7"]
[White "Bucherie, Volcy"]
[Black "Megelas, Florent"]
[Result "1-0"]
[WhiteElo "1490"]
[BlackElo "1686"]
[PlyCount "67"]

1. Nf3 Nc6 2. d4 d5 3. c4 e6 4. Nc3 Nf6 5. g3 Be7 6. Bg2 Rb8 7. O-O O-O 8. Bf4
a6 9. Ne5 Nxe5 10. Bxe5 Bd6 11. Bxd6 Qxd6 12. c5 Qd8 13. e4 c6 14. Qf3 dxe4 15.
Nxe4 Qxd4 16. Nxf6+ Qxf6 17. Qxf6 gxf6 18. Rad1 e5 19. f4 Be6 20. a3 Rbd8 21.
b4 Bc4 22. Rfe1 Rxd1 23. Rxd1 exf4 24. gxf4 Be6 25. Rd6 Re8 26. Kf2 Kg7 27. Kg3
Bd5 28. Bxd5 cxd5 29. Rxd5 Re3+ 30. Kg4 Rxa3 31. Rd7 Ra2 32. h4 Rg2+ 33. Kf3
Rb2 34. Rxb7 1-0

[Event "Tournoi francophone 023"]
[Site "Jitsi"]
[Date "????.??.??"]
[Round "1.8"]
[White "Viatge, Fabrice"]
[Black "De Coninck, Philippe"]
[Result "0-1"]
[WhiteElo "1660"]
[BlackElo "1489"]
[PlyCount "96"]

1. Nf3 Nc6 2. c4 g6 3. g3 Bg7 4. Bg2 Nf6 5. Nc3 e6 6. e3 d5 7. cxd5 exd5 8. d4
O-O 9. O-O Bf5 10. a3 Qe7 11. Qb3 Na5 12. Qa2 c6 13. Nd2 b5 14. b4 Nc4 15. Nxc4
bxc4 16. Na4 a5 17. Qb2 Rfb8 18. Bd2 axb4 19. axb4 Ne4 20. Bxe4 Bxe4 21. Nc5
Rxa1 22. Rxa1 Bf3 23. Qc1 Qg5 24. Qf1 f5 25. Ne6 Qh6 26. Nxg7 Qxg7 27. Bc3 g5
28. Ra6 Qg6 29. Qa1 f4 30. Qe1 Kf7 31. Ra7+ Kg8 32. Bd2 Qe4 33. Qf1 Rf8 34. Qh3
Qb1+ 35. Qf1 Qxf1+ 36. Kxf1 fxg3 37. hxg3 h5 38. Kg1 h4 39. Kh2 hxg3+ 40. Kxg3
Be4 41. Rc7 Rf6 42. Be1 Rg6 43. f3 Bf5 44. e4 dxe4 45. fxe4 Bxe4 46. Re7 Bd5
47. Re5 Kg7 48. Rxg5 Rxg5+ 0-1

[Event "Tournoi francophone 023"]
[Site "Jitsi"]
[Date "????.??.??"]
[Round "1.10"]
[White "Nicolini, Francesco"]
[Black "Vincent, Andre"]
[Result "1-0"]
[WhiteElo "1618"]
[BlackElo "1484"]
[PlyCount "99"]

1. e4 e5 2. Nf3 Nc6 3. d4 exd4 4. Nxd4 Nf6 5. Nc3 Bb4 6. Nxc6 bxc6 7. Bd3 O-O
8. O-O d6 9. h3 Re8 10. Qf3 Rb8 11. Bg5 Re5 12. Bxf6 Qxf6 13. Qxf6 gxf6 14. Ne2
Rg5 15. a3 Bc5 16. b4 Bb6 17. Kh2 a5 18. f4 Rg7 19. Rf3 Bd7 20. c3 Re8 21. Ng3
Rg6 22. Re1 Rh6 23. Re2 Kg7 24. Nf5+ Bxf5 25. exf5 Rxe2 26. Bxe2 d5 27. Ba6 c5
28. bxc5 Bxc5 29. a4 Rh5 30. g4 Rh6 31. Bb7 d4 32. Bc6 dxc3 33. Rxc3 Bd6 34.
Kg3 Kf8 35. Rb3 Bb4 36. Rd3 Bd6 37. Rd5 Bxf4+ 38. Kxf4 Rxh3 39. Rxa5 Rc3 40.
Ra6 Rc4+ 41. Be4 Ke7 42. a5 Ra4 43. Ra8 c5 44. a6 Kd7 45. Ra7+ Ke8 46. Kf3 Ra3+
47. Ke2 c4 48. Bb7 c3 49. Ra8+ Ke7 50. Rc8 1-0

[Event "Tournoi francophone 023"]
[Site "Jitsi"]
[Date "????.??.??"]
[Round "1.11"]
[White "Valmalette, Alain"]
[Black "Pouteau, Pascal"]
[Result "0-1"]
[WhiteElo "1482"]
[BlackElo "1616"]
[PlyCount "112"]

1. c4 g6 2. d3 Bg7 3. e4 d6 4. Nf3 Bg4 5. Be2 e6 6. O-O Ne7 7. d4 O-O 8. Nc3
Nd7 9. Rb1 c5 10. d5 Bxf3 11. Bxf3 exd5 12. cxd5 Ne5 13. b4 c4 14. a4 f5 15.
Be2 Qd7 16. f4 Ng4 17. Bxg4 fxg4 18. Ne2 Rac8 19. b5 b6 20. Bb2 c3 21. Bxc3
Bxc3 22. Rc1 Bg7 23. Nd4 Rxc1 24. Qxc1 Bxd4+ 25. Kh1 Rc8 26. Qd1 Bc5 27. f5
gxf5 28. exf5 Rf8 29. Qxg4+ Ng6 30. Qg5 Kh8 31. f6 Qe7 32. h4 Qe2 33. Rf5 Qe1+
34. Kh2 Qg1+ 35. Kh3 Qh1+ 36. Kg3 Qe1+ 37. Kh3 Be3 38. Qg4 Rf7 39. h5 Ne5 40.
Qh4 Qb1 41. g4 Qh1+ 42. Kg3 Qg1+ 43. Kh3 Qh1+ 44. Kg3 Qxh4+ 45. Kxh4 h6 46. Kh3
Bg5 47. Kg3 Bxf6 48. Kh3 Nd7 49. Rf2 Re7 50. Rf3 Re4 51. Rf5 Rxa4 52. Kg3 Rb4
53. Kh3 Rxb5 54. Kg3 Rb3+ 55. Rf3 Rxf3+ 56. Kxf3 a5 0-1

[Event "Tournoi francophone 023"]
[Site "Jitsi"]
[Date "????.??.??"]
[Round "1.13"]
[White "Schmitt, Pierre"]
[Black "Rodier, Marc"]
[Result "0-1"]
[WhiteElo "1469"]
[BlackElo "1611"]
[PlyCount "54"]

1. e4 c5 2. Bc4 Nc6 3. Nf3 d5 4. exd5 Na5 5. b3 Nxc4 6. bxc4 Bg4 7. d3 g6 8. h3
Bd7 9. O-O Bg7 10. Nc3 Bxc3 11. Rb1 b6 12. Bb2 Bxb2 13. Rxb2 Nf6 14. c3 O-O 15.
Re1 Re8 16. Rbe2 e6 17. Qd2 exd5 18. cxd5 Rxe2 19. Rxe2 Nxd5 20. c4 Nf6 21. Ng5
Kg7 22. Qc3 h6 23. Ne4 Bf5 24. Rd2 Qd4 25. Qc2 Rd8 26. Nxf6 Kxf6 27. Qd1 Kg7
0-1

[Event "Tournoi francophone 023"]
[Site "Jitsi"]
[Date "????.??.??"]
[Round "1.14"]
[White "Cengiz, Ali Ekber"]
[Black "Lecluyse, Koenraad"]
[Result "1-0"]
[WhiteElo "1608"]
[BlackElo "1458"]
[PlyCount "62"]

1. e4 e5 2. Nf3 Nc6 3. c4 d6 4. d3 Nf6 5. Be2 Be7 6. Nc3 O-O 7. O-O Qd7 8. Bg5
Nd4 9. Nxd4 exd4 10. Nb1 c5 11. Bxf6 Bxf6 12. f4 Re8 13. f5 Qc6 14. Bf3 Qc7 15.
Nd2 Bg5 16. Bg4 Be3+ 17. Kh1 Bxd2 18. Qxd2 f6 19. Rae1 Re5 20. Rf3 Rb8 21. b3
b5 22. Qc1 Ba6 23. Rf2 bxc4 24. bxc4 Qa5 25. Rd1 Re7 26. Rb2 Reb7 27. Rxb7 Qxa2
28. Rxb8+ Kf7 29. Ra8 Bb7 30. Rb8 Bc6 31. Qa1 Qe2 1-0

[Event "Tournoi francophone 023"]
[Site "Jitsi"]
[Date "????.??.??"]
[Round "1.15"]
[White "Rivalta, Paolo"]
[Black "Le Brun, Yves"]
[Result "1-0"]
[WhiteElo "1457"]
[BlackElo "1601"]
[PlyCount "33"]

1. d4 g6 2. Nf3 Bg7 3. e4 d6 4. Nc3 a6 5. Bg5 h6 6. Bh4 Nd7 7. Bc4 Ngf6 8. e5
dxe5 9. dxe5 Nh7 10. Qe2 O-O 11. e6 Ng5 12. Nxg5 hxg5 13. Bxg5 Ne5 14. exf7+
Kh7 15. Rd1 Bg4 16. f3 Qxd1+ 17. Nxd1 1-0

[Event "Tournoi francophone 023"]
[Site "Jitsi"]
[Date "????.??.??"]
[Round "1.16"]
[White "Duthoit, Bernard"]
[Black "Vervoort, Jean-Louis"]
[Result "1-0"]
[WhiteElo "1583"]
[BlackElo "1455"]
[PlyCount "97"]

1. e4 e5 2. Nf3 Nf6 3. Nxe5 Nxe4 4. d3 Nf6 5. Bg5 Bb4+ 6. c3 Ba5 7. b4 Bb6 8.
c4 d6 9. Nf3 Bg4 10. Be2 Bxf3 11. Bxf3 c6 12. O-O O-O 13. Re1 h6 14. Bh4 Nbd7
15. Nc3 Qc7 16. Re7 Rfe8 17. Bxf6 gxf6 18. Qe2 Rxe7 19. Qxe7 Qd8 20. Re1 Ne5
21. Qxd8+ Rxd8 22. Be4 Ng4 23. Re2 Nxf2 24. Rxf2 Bxf2+ 25. Kxf2 Re8 26. Kf3 Re5
27. Kf4 Kg7 28. g4 h5 29. d4 Rg5 30. h3 hxg4 31. hxg4 Kf8 32. Bf5 Rg8 33. Ne4
d5 34. cxd5 cxd5 35. Nxf6 Rh8 36. Nxd5 Rh1 37. Ke5 Ra1 38. Kd6 Rxa2 39. Kc7 b6
40. Kb7 Ra4 41. Kc6 Ra2 42. Kb5 Rd2 43. Kc4 Rb2 44. Nc3 Rf2 45. d5 Rf4+ 46. Kb5
Rd4 47. Ka4 Ke7 48. Kb5 Rd3 49. Bxd3 1-0

[Event "Tournoi francophone 023"]
[Site "Jitsi"]
[Date "????.??.??"]
[Round "1.17"]
[White "Rodriguez, Nathalie"]
[Black "Hargez, Dany"]
[Result "0-1"]
[WhiteElo "1448"]
[BlackElo "1578"]
[PlyCount "124"]

1. d4 d5 2. Nc3 Nf6 3. h3 Bf5 4. Nf3 e6 5. Bf4 Bb4 6. Bd2 Ne4 7. Nxe4 Bxd2+ 8.
Qxd2 Bxe4 9. e3 O-O 10. Be2 Nd7 11. O-O Nf6 12. Ne5 h6 13. Qb4 b6 14. f3 Bg6
15. c4 h5 16. cxd5 exd5 17. Rac1 a5 18. Qa4 Rb8 19. Nc6 Qd7 20. Bb5 Rbe8 21.
Ne7+ Qxe7 22. Rfe1 Nd7 23. Bxd7 Rd8 24. Bb5 Bf5 25. Rc3 Qe6 26. Re2 Rc8 27. Rc6
Qd7 28. Rc3 c6 29. Bxc6 Qe6 30. Qb5 Rfd8 31. Qxb6 Rd6 32. Rec2 Bxh3 33. Qa6
Rcxc6 34. Rxc6 Rxc6 35. Rxc6 Qxe3+ 36. Kh2 Be6 37. Rc8+ Kh7 38. Re8 Qe5+ 39. g3
Qe2+ 40. Kg1 Qe3+ 41. Kh2 Qxf3 42. Qd6 Qf2+ 43. Kh1 Qxd4 44. Qf8 Qd1+ 45. Kh2
Qg4 46. Qh8+ Kg6 47. Rxe6+ fxe6 48. Qe8+ Kh7 49. Qe7 Qe2+ 50. Kh3 Qf1+ 51. Kh2
Qf6 52. Qc5 h4 53. g4 Qxb2+ 54. Kh3 Qf6 55. Qc2+ Qg6 56. Qg2 Kh6 57. Qd2+ Qg5
58. Qxa5 Qe3+ 59. Kh2 Qg3+ 60. Kh1 Qxg4 61. Qb6 h3 62. Qd6 Qg2# 0-1

[Event "Tournoi francophone 023"]
[Site "Jitsi"]
[Date "????.??.??"]
[Round "1.18"]
[White "Trivedi, Viral"]
[Black "Gerbaux, Regis"]
[Result "1-0"]
[WhiteElo "1576"]
[BlackElo "1437"]
[PlyCount "49"]

1. e4 c5 2. Nc3 e6 3. f4 Be7 4. Nf3 Nc6 5. Bc4 a6 6. O-O b5 7. Be2 Nf6 8. d3
O-O 9. e5 Ng4 10. Ne4 f6 11. h3 Nh6 12. exf6 Bxf6 13. Nxf6+ Rxf6 14. Ne5 Nxe5
15. fxe5 Rxf1+ 16. Qxf1 Bb7 17. Bxh6 Qh4 18. Bxg7 Qd4+ 19. Kh2 Kxg7 20. Qf6+
Kg8 21. Rf1 Qe3 22. Rf4 h5 23. Qg6+ Kh8 24. Qh6+ Kg8 25. Rg4+ 1-0

[Event "Tournoi francophone 023"]
[Site "Jitsi"]
[Date "????.??.??"]
[Round "1.19"]
[White "Montilla Bejarano, Mey"]
[Black "Briere, Jean"]
[Result "1/2-1/2"]
[WhiteElo "1437"]
[BlackElo "1571"]
[PlyCount "79"]

1. f4 d5 2. Nf3 Nc6 3. e3 Bg4 4. Be2 e6 5. h3 Bxf3 6. Bxf3 Bd6 7. g3 Nh6 8. Nc3
Nf5 9. Rg1 Qf6 10. Ne2 O-O-O 11. c3 Rhg8 12. d4 Kb8 13. a4 Na5 14. b4 Nc4 15.
a5 Nfxe3 16. Bxe3 Nxe3 17. Qd3 Nf5 18. b5 Qh6 19. Bg4 Qg6 20. b6 a6 21. bxc7+
Bxc7 22. Kf2 Rd7 23. Rab1 Rd6 24. Ra1 Rc8 25. Nc1 Rc6 26. Ra4 Bd6 27. Na2 Qf6
28. Rc1 g6 29. Bd1 h5 30. Qc2 Nxd4 31. Rxd4 Qxd4+ 32. cxd4 Rxc2+ 33. Rxc2 Rxc2+
34. Bxc2 Bc7 35. Ba4 f6 36. Bd7 e5 37. fxe5 fxe5 38. dxe5 Bxe5 39. Be8 g5 40.
Bxh5 1/2-1/2

[Event "Tournoi francophone 023"]
[Site "Jitsi"]
[Date "????.??.??"]
[Round "1.21"]
[White "Wenckstern, Roberto"]
[Black "Scata, Laura"]
[Result "0-1"]
[WhiteElo "1431"]
[BlackElo "1566"]
[PlyCount "64"]

1. d4 c6 2. e4 d5 3. e5 Bf5 4. Nc3 e6 5. Nf3 a6 6. Bg5 Qb6 7. Bd3 Bxd3 8. Qxd3
c5 9. Na4 Qb4+ 10. Nc3 cxd4 11. Nxd4 Bc5 12. Be3 Ne7 13. Nb3 Bxe3 14. Qxe3 Nf5
15. a3 Nxe3 16. axb4 Nxc2+ 17. Kd2 Nxa1 18. Rxa1 Nc6 19. Nb5 O-O 20. Nd6 Rfb8
21. Nc5 Nxe5 22. Ndxb7 Nd7 23. Nxd7 Rxb7 24. Nf8 Kxf8 25. Kc3 Rc7+ 26. Kb3 d4
27. f4 f6 28. Re1 Kf7 29. Re4 Rd8 30. Ka4 d3 31. Kb3 d2 32. Ka2 d1=Q 0-1

[Event "Tournoi francophone 023"]
[Site "Jitsi"]
[Date "????.??.??"]
[Round "1.22"]
[White "Gharbi, Said"]
[Black "Esformes, Jacques"]
[Result "1-0"]
[WhiteElo "1564"]
[BlackElo "1425"]
[PlyCount "91"]

1. e4 Nf6 2. e5 Nd5 3. d4 d6 4. Bc4 Nb4 5. a3 N4c6 6. Qf3 e6 7. Nh3 Be7 8. exd6
cxd6 9. Nf4 g6 10. Qc3 Bg5 11. d5 Bxf4 12. Qxh8+ Ke7 13. Qxd8+ Nxd8 14. Bxf4 a6
15. O-O b5 16. Bb3 Bb7 17. Nc3 e5 18. Bg5+ f6 19. Bh6 Nd7 20. f4 Nf7 21. Bg7
Rg8 22. Bxf6+ Nxf6 23. fxe5 Nxe5 24. Rae1 Nfd7 25. Ne4 Rc8 26. Ng5 Nc5 27. Rf7+
Ke8 28. Ba2 Ne6 29. Rxh7 Rc7 30. dxe6 Rxh7 31. Nxh7 Ke7 32. Rf1 Be4 33. c3 g5
34. Nxg5 Nd3 35. Nxe4 Nxb2 36. h4 d5 37. Bxd5 a5 38. h5 Nd3 39. h6 Ne5 40. Ng5
Kd6 41. Bb3 a4 42. Ba2 Ke7 43. h7 Ng6 44. Rf7+ Ke8 45. Rf6 Nh8 46. Nf7 1-0

[Event "Tournoi francophone 023"]
[Site "Jitsi"]
[Date "????.??.??"]
[Round "1.23"]
[White "Gagnon, Sindy"]
[Black "Tolaro, Filippa"]
[Result "0-1"]
[WhiteElo "1272"]
[BlackElo "1560"]
[PlyCount "22"]

1. e4 c6 2. Bd3 d5 3. Ne2 Nf6 4. O-O dxe4 5. Bc4 Bf5 6. Nd4 Qxd4 7. b3 Bg4 8.
Qe1 e6 9. c3 Qe5 10. a4 Bd6 11. d3 Qxh2# 0-1

[Event "Tournoi francophone 023"]
[Site "Jitsi"]
[Date "????.??.??"]
[Round "1.24"]
[White "Sauvaget, Joel"]
[Black "Soubrier, Laure"]
[Result "1/2-1/2"]
[WhiteElo "1553"]
[BlackElo "1404"]
[PlyCount "52"]

1. d4 d5 2. Bf4 Nf6 3. h3 Nc6 4. e3 e6 5. Nf3 b6 6. Be2 Bb7 7. O-O Bd6 8. Bxd6
Qxd6 9. Nbd2 O-O 10. a3 Rfe8 11. Rc1 e5 12. dxe5 Nxe5 13. Nxe5 Qxe5 14. b4 Rad8
15. Nf3 Qd6 16. Nd4 a6 17. Bf3 Bc8 18. c3 Bd7 19. Qc2 c5 20. bxc5 Qxc5 21. Qb2
Qd6 22. Rfd1 b5 23. Ne2 Rb8 24. Ng3 Qe5 25. Rd4 Re7 26. Rcd1 Bc6 1/2-1/2

[Event "Tournoi francophone 023"]
[Site "Jitsi"]
[Date "????.??.??"]
[Round "1.25"]
[White "Bolduc, Sebastien"]
[Black "Moumtaz, Abderrahim"]
[Result "0-1"]
[WhiteElo "1400"]
[BlackElo "1543"]
[PlyCount "56"]

1. d4 Nf6 2. Nf3 d5 3. e3 Bf5 4. Be2 e6 5. O-O Bd6 6. Bd2 Nc6 7. a3 O-O 8. Nh4
Be4 9. f3 Bg6 10. Nxg6 fxg6 11. Bb4 Nxb4 12. axb4 Bxb4 13. c3 Bd6 14. Qd3 c6
15. f4 Qc7 16. Nd2 b5 17. b4 a5 18. bxa5 Rxa5 19. Rab1 Ra3 20. Rbc1 Qa5 21. Nc4
bxc4 22. Qd1 Rxc3 23. Rb1 Qa2 24. Rb7 Rc2 25. Bf3 Ng4 26. Bxg4 Rxg2+ 27. Kh1
Rxh2+ 28. Kg1 Qg2# 0-1

[Event "Tournoi francophone 023"]
[Site "Jitsi"]
[Date "????.??.??"]
[Round "1.26"]
[White "Busto, Ricardo"]
[Black "Hayouna, Ali"]
[Result "1-0"]
[WhiteElo "1541"]
[BlackElo "1400"]
[PlyCount "51"]

1. d4 d5 2. c4 b6 3. cxd5 Bb7 4. Nc3 e6 5. e4 exd5 6. exd5 Bxd5 7. Nxd5 Qxd5 8.
Nf3 Nc6 9. Be2 O-O-O 10. O-O Nf6 11. Qb3 Ng4 12. Qxd5 Rxd5 13. h3 Nf6 14. Bc4
Rd6 15. Ne5 Nxe5 16. dxe5 Rd4 17. Ba6+ Kb8 18. exf6 gxf6 19. Be3 Ra4 20. Bb5
Rb4 21. Be8 Rxb2 22. Bxf7 Bd6 23. Bd4 Rf8 24. Bd5 f5 25. Bxb2 f4 26. Rad1 1-0

[Event "Tournoi francophone 023"]
[Site "Jitsi"]
[Date "????.??.??"]
[Round "1.27"]
[White "Ortis, Yves"]
[Black "Abate, Luigi"]
[Result "0-1"]
[WhiteElo "1400"]
[BlackElo "1537"]
[PlyCount "30"]

1. e4 e5 2. d4 exd4 3. Qxd4 Nc6 4. Qe3 d6 5. Nc3 g6 6. Nf3 Bg7 7. Bd2 Nge7 8.
Bb5 O-O 9. O-O-O Bd7 10. h3 a6 11. g4 axb5 12. Ng1 b4 13. Nce2 Rxa2 14. c3 b3
15. Kb1 Qa8 0-1

[Event "Tournoi francophone 023"]
[Site "Jitsi"]
[Date "????.??.??"]
[Round "1.28"]
[White "Carlier, Andre"]
[Black "Roberge, Yves"]
[Result "1-0"]
[WhiteElo "1536"]
[BlackElo "1390"]
[PlyCount "83"]

1. e4 c5 2. Nf3 Nf6 3. Nc3 d6 4. Bc4 e6 5. d3 g6 6. Bg5 Bg7 7. O-O O-O 8. Re1
Qd7 9. e5 Ng4 10. Bb5 Qc7 11. exd6 Qxd6 12. Ne4 Qc7 13. c3 Ne5 14. Bf4 a6 15.
Ba4 f5 16. Ng3 Rd8 17. Bxe5 Bxe5 18. Nxe5 b5 19. Bc2 Nd7 20. Nxd7 Rxd7 21. Rxe6
Rd8 22. Re1 Qc6 23. Qd2 Bb7 24. f3 Rf8 25. Re7 f4 26. Nh1 g5 27. Nf2 Rf7 28.
Rxf7 Kxf7 29. Ne4 Kg6 30. d4 Rd8 31. Nxc5+ Kh6 32. Nxb7 Qxb7 33. Re1 Qc7 34.
Qd3 Rd7 35. Qf5 b4 36. Qf6+ Kh5 37. Re5 h6 38. Bg6+ Kh4 39. Qxg5+ hxg5 40. Re8
Rxd4 41. Rh8+ Qh7 42. Rxh7# 1-0

[Event "Tournoi francophone 023"]
[Site "Jitsi"]
[Date "????.??.??"]
[Round "1.29"]
[White "Hampton, Irene"]
[Black "Le Bouill, Pierre"]
[Result "0-1"]
[WhiteElo "1368"]
[BlackElo "1534"]
[PlyCount "61"]

1. Nf3 Nf6 2. Nc3 d5 3. e3 c6 4. Be2 Bf5 5. d3 e6 6. O-O Be7 7. a3 h6 8. h3 O-O
9. b4 Nbd7 10. e4 dxe4 11. dxe4 Bxe4 12. Nxe4 Nxe4 13. Bd3 Ng5 14. Nd4 Bf6 15.
c3 Re8 16. Re1 Nb6 17. f4 Nh7 18. Be3 Nd5 19. Qd2 e5 20. Nf5 exf4 21. Bd4 Bxd4+
22. cxd4 Rc8 23. Kh2 Ng5 24. Rf1 Qc7 25. Rae1 f3+ 26. g3 b6 27. h4 Ne6 28.
Nxh6+ gxh6 29. Bf5 Kg7 30. Rxf3 Rcd8 31. Kh3 0-1

[Event "Tournoi francophone 023"]
[Site "Jitsi"]
[Date "????.??.??"]
[Round "1.31"]
[White "Cassano, Mariangela"]
[Black "Guillaume, Mickael"]
[Result "0-1"]
[WhiteElo "1170"]
[BlackElo "1522"]
[PlyCount "52"]

1. e4 e5 2. Nf3 Nc6 3. d3 Bc5 4. c3 Nf6 5. d4 exd4 6. cxd4 Bb4+ 7. Nc3 Nxe4 8.
d5 Nxc3 9. dxc6 Nd5+ 10. Bd2 Bxd2+ 11. Nxd2 dxc6 12. Bc4 Be6 13. b3 Nc3 14. Qc2
Bxc4 15. bxc4 Qe7+ 16. Ne4 Nxe4 17. O-O O-O 18. Rfe1 Rfe8 19. f3 Qc5+ 20. Kh1
Nf6 21. Re4 Nxe4 22. fxe4 Rad8 23. Qe2 Rd4 24. Rd1 Rexe4 25. Qf3 Qxc4 26. Rd2
Re1+ 0-1

[Event "Tournoi francophone 023"]
[Site "Jitsi"]
[Date "????.??.??"]
[Round "2.1"]
[White "Vasquez, Georges"]
[Black "Gharbi, Said"]
[Result "1-0"]
[WhiteElo "1866"]
[BlackElo "1564"]
[PlyCount "102"]

1. d4 e5 2. dxe5 Nc6 3. Nf3 Qe7 4. g3 Nxe5 5. Nxe5 Qxe5 6. Bg2 Bb4+ 7. c3 Ba5
8. O-O Nf6 9. Nd2 O-O 10. Nc4 Qc5 11. Nxa5 Qxa5 12. c4 c6 13. Qd6 Ne8 14. Qd3
d6 15. Bd2 Qb6 16. Bc3 Be6 17. Rad1 Rd8 18. e4 Qa6 19. b3 Qxa2 20. Bd4 b5 21.
cxb5 Qxb3 22. Rfe1 Qxd3 23. Rxd3 Bc4 24. Ra3 Bxb5 25. Rxa7 c5 26. Bc3 Nf6 27.
Rd1 Rfe8 28. f3 Nd7 29. Rxd6 Nf6 30. Rxd8 Rxd8 31. Kf2 Nd7 32. Ba5 Rc8 33. Bh3
c4 34. Bxd7 Bxd7 35. Rxd7 g6 36. Rd8+ Rxd8 37. Bxd8 Kf8 38. Bf6 Ke8 39. Ke3 Kd7
40. Kd4 Ke6 41. e5 c3 42. Kxc3 Kd5 43. Kd3 h5 44. h4 Ke6 45. Ke4 Kd7 46. Kd5
Ke8 47. Kd6 Kf8 48. Kd7 Kg8 49. Ke7 Kh7 50. Kxf7 Kh6 51. e6 g5 1-0

[Event "Tournoi francophone 023"]
[Site "Jitsi"]
[Date "????.??.??"]
[Round "2.2"]
[White "Scata, Laura"]
[Black "Deville, Olivier"]
[Result "0-1"]
[WhiteElo "1566"]
[BlackElo "1826"]
[PlyCount "38"]

1. d4 g6 2. Nf3 Bg7 3. b3 c5 4. Bb2 Nc6 5. e3 cxd4 6. exd4 d5 7. h3 Nf6 8. Nbd2
O-O 9. Bd3 Nb4 10. Be2 Bf5 11. O-O Bxc2 12. Qe1 Nd3 13. Bxd3 Bxd3 14. Ba3 Re8
15. Qe3 Bxf1 16. Nxf1 Qa5 17. Bxe7 Qc7 18. Qe5 Qxe7 19. Qxe7 Rxe7 0-1

[Event "Tournoi francophone 023"]
[Site "Jitsi"]
[Date "????.??.??"]
[Round "2.3"]
[White "Lambert, Pierre"]
[Black "Busto, Ricardo"]
[Result "1-0"]
[WhiteElo "1791"]
[BlackElo "1541"]
[PlyCount "37"]

1. e4 c6 2. d4 d5 3. exd5 cxd5 4. Bd3 a6 5. a4 Nc6 6. c3 e6 7. Nf3 Nf6 8. O-O
Bd6 9. Re1 O-O 10. Bg5 Be7 11. Nbd2 Qb6 12. Qc2 g6 13. Ne5 Nxe5 14. dxe5 Ne4
15. Nxe4 dxe4 16. Bxe7 Re8 17. Bf6 exd3 18. Qd2 Bd7 19. Qh6 1-0

[Event "Tournoi francophone 023"]
[Site "Jitsi"]
[Date "????.??.??"]
[Round "2.4"]
[White "Bourdeau, Yvan"]
[Black "Carlier, Andre"]
[Result "1/2-1/2"]
[WhiteElo "1750"]
[BlackElo "1536"]
[PlyCount "88"]

1. d4 Nf6 2. c4 c6 3. Nc3 e6 4. Nf3 h6 5. Bf4 Bb4 6. Qc2 d5 7. a3 Ba5 8. b4 Bc7
9. Bxc7 Qxc7 10. e3 O-O 11. Be2 dxc4 12. Bxc4 Nbd7 13. Ne4 Nxe4 14. Qxe4 Nf6
15. Qc2 a6 16. O-O b5 17. Bd3 Bb7 18. Rfc1 Rac8 19. Qc5 Nd7 20. Qh5 Nf6 21. Qe5
Nd7 22. Qxc7 Rxc7 23. Be4 f6 24. Nd2 Nb6 25. Bd3 Re8 26. Nb3 e5 27. Nc5 Rb8 28.
dxe5 fxe5 29. Rd1 Bc8 30. Be2 Nd5 31. Rac1 Ra8 32. Bf3 Ne7 33. Rd8+ Kf7 34. Bg4
Rca7 35. Bxc8 Rxc8 36. Rxc8 Nxc8 37. Rd1 Ke8 38. Ne6 Kf7 39. Nc5 Ke8 40. Kf1
Ne7 41. e4 a5 42. Nd3 axb4 43. axb4 Rd7 44. Ke2 Ng6 1/2-1/2

[Event "Tournoi francophone 023"]
[Site "Jitsi"]
[Date "????.??.??"]
[Round "2.5"]
[White "Tolaro, Filippa"]
[Black "Rochette, Mathieu"]
[Result "0-1"]
[WhiteElo "1560"]
[BlackElo "1742"]
[PlyCount "62"]

1. Nf3 Nf6 2. d4 e6 3. Bf4 c5 4. e3 d5 5. c4 cxd4 6. exd4 Nc6 7. c5 Be7 8. Bb5
Bd7 9. Ne5 Nxe5 10. dxe5 Qa5+ 11. Nc3 Bxb5 12. exf6 Bxf6 13. Qd2 Bc4 14. Bd6
Rc8 15. a3 Bxc3 16. Qxc3 Qxc3+ 17. bxc3 Kd7 18. Kd2 b6 19. Be5 f6 20. Bd4 e5
21. Be3 bxc5 22. Rab1 d4 23. cxd4 cxd4 24. Bxd4 exd4 25. Rb7+ Rc7 26. Rb4 Re8
27. Kc1 Bf1+ 28. Kb2 Bc4 29. Rc1 Re2+ 30. Kb1 Ba2+ 31. Ka1 Rxc1+ 0-1

[Event "Tournoi francophone 023"]
[Site "Jitsi"]
[Date "????.??.??"]
[Round "2.6"]
[White "Moumtaz, Abderrahim"]
[Black "Farfallini, Michel"]
[Result "1/2-1/2"]
[WhiteElo "1543"]
[BlackElo "1642"]
[PlyCount "71"]

1. d4 d5 2. c4 e6 3. Nc3 c6 4. cxd5 cxd5 5. Nf3 Nf6 6. Bg5 Nbd7 7. e3 Qa5 8. a3
Be7 9. b4 Qb6 10. Bf4 a6 11. Be2 O-O 12. O-O Re8 13. Qc2 Bd6 14. Ne5 Qc7 15.
Rac1 Nxe5 16. dxe5 Bxe5 17. Qd2 Qb8 18. Bd3 Bxf4 19. exf4 b5 20. Ne2 e5 21.
fxe5 Rxe5 22. Ng3 h5 23. f4 Re6 24. Bf5 Qb6+ 25. Kh1 Re8 26. Bxc8 Raxc8 27.
Rxc8 Rxc8 28. Nf5 Re8 29. Qd4 Qc7 30. Qc5 Qd7 31. Nd6 Ne4 32. Nxe4 Rxe4 33. Qb6
Re6 34. Qd4 Re4 35. Qb6 Re6 36. Qd4 1/2-1/2